000 00410cam a2200169 4500
001 D11923
008 090401t1909 xxu||||| |||| 00| 0 eng d
035 _a(Sirsi) u276
041 _aeng
100 _aAdkin, B. W.
245 _aPrinciples of parochial assessment: an introduction to rating
260 _bEstates Gazette
_c1909
350 _a0
520 _aShelf 113
942 _n0
948 _c04/03/1997
999 _c85515
_d85515